| 000 | 00476 a2200133 4500 | ||
|---|---|---|---|
| 001 | 92271 | ||
| 082 | _aPR 2497 | ||
| 090 |
_c44218 _d44217 |
||
| 100 | _aAbdul Rehman; Prof Haris Ali Khan and Imran Ali (Advisors) | ||
| 245 |
_aFeasibility study to Adapt Existing Engine Test of T-37 A/C for Engine of K-8 A/C (Phase-III --- Fabrication of Designed Fixtures / Assemblies) _n78 "A" EC |
||
| 260 |
_aIslamabad _bNUST _c2015 |
||
| 300 | _axiii,61p. | ||
| 500 | _aBE Project Reports | ||
| 942 |
_aCAE NUST _kPR 2497 |
||
| 999 |
_c327344 _d327344 |
||